000 01617nam a22003137a 4500
001 BRCA_9266
003 FranzMayer
005 20230719122247.0
008 230719b |||||||| |||| 00| 0 eng d
040 _aMFM
_besp
_cMFM
050 4 _aCO100
_bR43 1789
082 _2BS617.8
110 1 _4Editorial
_aReal Compañía de Impresores y Libreros del Reyno
_bImprenta de Pedro Marin
_928846
240 1 _aAño Christiano Marzo
_hO exercicios devotos para todos los días del año
_lesp
245 0 _aAño Christiano Marzo
_bO exercicios devotos para todos los días del año
260 _aMadrid, España
_bPedro Marin
_c1789
300 _a1 v.
_c21 cm.
500 _aEl libro contiene una marca de fuego perteneciente a la orden de las Agustinas: Agustinas BFFB-025472
500 _aLa numeración del libro llega hasta la página 545 y posteriormente comienza de nuevo hasta la página 152
500 _aLas últimas páginas del libro fueron restauradas
500 _aEl libro contiene dos tiras de cuero en la cubierta para cerrarlo.
505 0 _aTexto en: españolTraducido del: francésDirigido a: estudiosos, teólogos, historiadores y especialmente a cualquier persona perteneciente a la iglesia cristiana desde los creyentes hasta el pastor.Incluye índice temático
600 1 _2Traductor
_aDe la Cruz Herrera, Don Enrique
_928847
650 1 _2Biblia
_aBiblia cristiana
_vDevocional
_928848
651 _2Teología
_aBiblia cristiana
_vUso diario
_928849
700 1 _4Trad y rev.
_aDe la Cruz Herrera, Don Enrique
_928850
856 _3https://baul.fahho.mx/Record/59330
942 _2lcc
_cB
999 _c10885
_d10885